Library Banner

Saweray saweray (urdu)/ (Record no. 99401)

MARC details
000 -LEADER
fixed length control field 00371nam a22001457a 4500
005 - DATE AND TIME OF LATEST TRANSACTION
control field 20171023094309.0
008 - FIXED-LENGTH DATA ELEMENTS--GENERAL INFORMATION
fixed length control field 171023b xxu||||| |||| 00| 0 eng d
040 ## - CATALOGING SOURCE
Transcribing agency PK-LaUMT
082 ## - DEWEY DECIMAL CLASSIFICATION NUMBER
Classification number PKAC 070.44
Item number NAZ-S
100 ## - MAIN ENTRY--PERSONAL NAME
Personal name Nazir Naji
245 ## - TITLE STATEMENT
Title Saweray saweray (urdu)/
Statement of responsibility, etc Nazir Naji
260 ## - PUBLICATION, DISTRIBUTION, ETC. (IMPRINT)
Place of publication, distribution, etc لاہور:
Name of publisher, distributor, etc بک ماسٹر،
Date of publication, distribution, etc 1990
300 ## - PHYSICAL DESCRIPTION
Extent 414 ص
942 ## - ADDED ENTRY ELEMENTS (KOHA)
Koha item type Books
Holdings
Withdrawn status Lost status Damaged status Home library Current library Date acquired Full call number Barcode Date last seen Price effective from Koha item type
      UMT Main Campus UMT Main Campus 2017-10-23 PKAC 070.44 NAZ-S 115090 2017-10-23 2017-10-23 Books